| 000 | 00586nam a22001697a 4500 | ||
|---|---|---|---|
| 003 | NUST | ||
| 038 | _aNusrat Nadeem | ||
| 082 | _a200 | ||
| 100 |
_aAbbasi, Amna Didar _9120616 |
||
| 245 |
_aDevelopment of Liquid Crystals Based Biosensor for the Detection of HIV-1 Surface Glycoprotein-120/ _cAmna Didar Abbasi, |
||
| 264 |
_aIslamabad, _bSCME NUST, _c2023. |
||
| 300 |
_aill; _b160,p: _c30,cm. |
||
| 650 |
_aMaterials Engineering _928598 |
||
| 700 |
_aSupervisor: Prof. Dr. Zakir Hussain _9120617 |
||
| 856 | _u http://10.250.8.41:8080/xmlui/handle/123456789/38152 | ||
| 942 |
_2ddc _cSC |
||
| 999 |
_c607805 _d607805 |
||